<?xml version="1.0" encoding="UTF-8"?>
<collection xmlns="http://www.loc.gov/MARC21/slim">
 <record>
  <leader>01037nam a22001691  4500</leader>
  <controlfield tag="001">1/20696</controlfield>
  <controlfield tag="008">990316s1982    gr            0     gre d</controlfield>
  <datafield tag="035" ind1=" " ind2=" ">
   <subfield code="l">21293</subfield>
  </datafield>
  <datafield tag="040" ind1=" " ind2=" ">
   <subfield code="a">GR-PeUP</subfield>
  </datafield>
  <datafield tag="082" ind1="0" ind2="0">
   <subfield code="a">338.947 ΦΑ</subfield>
  </datafield>
  <datafield tag="100" ind1="1" ind2=" ">
   <subfield code="a">Φακιολάς, Τάσος Ε.</subfield>
   <subfield code="d">1965-</subfield>
  </datafield>
  <datafield tag="245" ind1="1" ind2="0">
   <subfield code="a">Ανάλυση οικονομικής πολιτικής ΕΣΣΔ ανατολικών χωρών :</subfield>
   <subfield code="b">εκβιομηχάνιση, κολλεκτιβοποίηση και εξάλειψη ιδιωτικού τομέα. Στρατιωτική υπεροπλία και προσπέρασμα δυτικών οικονομιών. Προοπτικές /</subfield>
   <subfield code="c">Τάσου Ε. Φακιόλα</subfield>
  </datafield>
  <datafield tag="260" ind1=" " ind2=" ">
   <subfield code="a">Αθήνα-Κομοτηνή :</subfield>
   <subfield code="b">Αντ. Σάκκουλας,</subfield>
   <subfield code="c">1982</subfield>
  </datafield>
  <datafield tag="300" ind1=" " ind2=" ">
   <subfield code="a">574 σ. ;</subfield>
   <subfield code="c">24 εκ.</subfield>
  </datafield>
  <datafield tag="504" ind1=" " ind2=" ">
   <subfield code="a">Περιέχει βιβλιογραφία</subfield>
  </datafield>
  <datafield tag="651" ind1=" " ind2="4">
   <subfield code="a">Σοβιετική Ένωση</subfield>
   <subfield code="x">Οικονομική πολιτική.</subfield>
  </datafield>
  <datafield tag="852" ind1=" " ind2=" ">
   <subfield code="a">INST</subfield>
   <subfield code="b">UNIPILB</subfield>
   <subfield code="c">MAIN</subfield>
   <subfield code="e">20040709</subfield>
   <subfield code="h">338.947 ΦΑ</subfield>
   <subfield code="p">00142056</subfield>
   <subfield code="q">00142056</subfield>
   <subfield code="t">LOAN</subfield>
   <subfield code="y">0</subfield>
   <subfield code="4">1</subfield>
  </datafield>
 </record>
</collection>
